Ultimate Geography Trivia - Statistics

General Stats
  • This quiz has been taken 664 times
  • The average score is 10 of 15
Answer Stats
Hint Answer % Correct
What is the capital of Australia? Canberra
88%
Which US state is known as The Lone Star State? Texas
88%
Caracas is the capital city of which country? Venezuela
88%
How many countries does DR Congo share a land border with? Eight
87%
What is the most spoken language in the world? Mandarin
84%
What is the world's second smallest country? Monaco
81%
What is the name of the sea that borders countries such as Sweden, Finland and Latvia? Baltic Sea
79%
What country is the Burj Khalifa in? United Arab Emirates
76%
What is the name of the world's highest waterfall? Angel Falls
71%
What is the name of the large volcano near Tokyo? Mount Fuji
71%
What country is Tegucigalpa, or Tegus, the capital city of? Honduras
66%
What is Europe's highest mountain? Mount Elbrus
39%
The Earth's crust is divided into slabs called what? Tectonic plates
38%
Which city hosted the 2002 Winter Olympics? Salt Lake City
24%
Which Czech city will be European Capital of Culture in 2015? Plzeň
8%
No matching quizzes found
Score Distribution
Percent of People with Each Score
Percentile by Number Answered
Your Score History
You have not taken this quiz